| 000 | 00468nam a22001457a 4500 | ||
|---|---|---|---|
| 003 | macl | ||
| 005 | 20200111160759.0 | ||
| 008 | 200111b xxu||||| |||| 00| 0 eng d | ||
| 040 | _cmacl | ||
| 100 |
_aसिंह, गीतम _977790 |
||
| 245 | _aमहामानव ज्योतिबा फुले | ||
| 260 |
_aदिल्ली _bओम पब्लिशिंग कंपनी _c2017 |
||
| 650 |
_aजीवनी _97943 |
||
| 942 |
_2ddc _cHIN |
||
| 999 |
_c61773 _d61773 |
||